Slovenčina pre cudzincov

Gespeichert in:
Bibliographische Detailangaben
1. Verfasser: Dratva, Tomáš
Weitere Verfasser: Buznová, Viktória
Format: Buch
Sprache:Slowakisch
Englisch
Veröffentlicht: Bratislava Slovenské pedagogické nakladateľstvo 2005
Ausgabe:3. dopln. vyd.
Schlagworte:
Tags: Tag hinzufügen
Keine Tags, Fügen Sie das erste Tag hinzu!

MARC

LEADER 00000nam$a2200000$$$4500
001 0027098
005 20240226122908.0
020 |a 80-10-00715-3 
041 0 |a slo 
041 0 |a eng 
044 |a SK 
245 1 0 |a Slovenčina pre cudzincov  |c Tomáš Dratva, Viktoria Buznová 
250 |a 3. dopln. vyd. 
264 1 |a Bratislava  |b Slovenské pedagogické nakladateľstvo  |c 2005 
300 |a 281 s. 
610 2 0 |a jazykoveda 
610 2 0 |a cudzinci 
610 2 0 |a slovenčina 
610 2 0 |a vzdelávanie 
100 1 |a Dratva, Tomáš 
700 1 |a Buznová, Viktória